00738nam a2200217Ia 4500003000900000008004100009040001300050040001300063041000800076100002100084245013400105250001000239260001100249260000900260300001100269300001000280490000600290942000700296999001700303952020000320IT-RoPAU120407s9999 xx 000 0 und d aIT-RoPAU cIT-RoPAU aita aEmilio Caldirola aVerbale del processo di Gesù Nazareno. Tachigrafato da Uzzì bar Zihà e da Nabussàn ibn Sanbusnà. Trad. Emilio Caldirola aParma aGuanda c1972 a390 p. c22 cm v1 cBK c33934d33934 00102ddc406232_91410000000000071aPAULUSbPAULUSd2012-04-11l0o232.9141r2012-04-11 00:00:00w2012-04-11yBKzInserito da: LuigiG In data: 27 ottobre 2011 fondo: Via A.Severo 56 Progr:36594